Normal view
MARC view
Entry Personal Name
001 - CONTROL NUMBER
- control field: 15757
003 - CONTROL NUMBER IDENTIFIER
- control field: ARRUPE
005 - DATE AND TIME OF LATEST TRANSACTION
- control field: 20150304144020.0
008 - FIXED-LENGTH DATA ELEMENTS
- fixed length control field: 150304|| aca||aabn | a|a d
040 ## - CATALOGING SOURCE
- Original cataloging agency: ARRUPE
- Transcribing agency: ARRUPE
100 ## - HEADING--PERSONAL NAME
- Personal name: Dinkines, Flora
670 ## - SOURCE DATA FOUND
- Source citation: Work cat.: (ARRUPE): Dinkines, Flora , Elementary theory of sets , 1964